书目信息 |
| 题名: |
有机化学实验
|
|
| 作者: | 王兴涌 , 尹文萱 , 高宏峰 编著 | |
| 分册: | ||
| 出版信息: | 北京 科学出版社 2004 |
|
| 页数: | 248页 | |
| 开本: | 24cm | |
| 丛书名: | ||
| 单 册: | ||
| 中图分类: | O62-33 | |
| 科图分类: | ||
| 主题词: | 有机化学--you ji hua xue--化学实验--高等学校--教材 , 有机化学--you ji hua xue , 化学实验--hua xue shi yan | |
| 电子资源: | ||
| ISBN: | 7-03-013554-7 | |
| 000 | 01138cam0 2200301 450 | |
| 001 | 012005033098 | |
| 005 | 20051110101010.1 | |
| 010 | @a7-03-013554-7@dCNY22.00 | |
| 100 | @a20050716d2004 em y0chiy0121 ea | |
| 101 | 0 | @achi |
| 102 | @aCN@b110000 | |
| 105 | @afk z 000yy | |
| 200 | 1 | @a有机化学实验@Ayou ji hua xue shi yan@f王兴涌,尹文萱,高宏峰编著 |
| 210 | @a北京@c科学出版社@d2004 | |
| 215 | @a248页@c图@d24cm | |
| 306 | @a中国矿业大学新世纪教材建设工程资助教材 | |
| 320 | @a有书目 | |
| 330 | @a全书共分4部分,第1部分为有机化学实验的一般知识;第2部分为有机化学实验的基本操作;第3部分为波谱技术在有机化合物鉴定上的应用,重点介绍了红外光谱、核磁共振谱;第4部分为有机化学反应与制备,重点介绍了一些有代表性的重要有机化学反应。 | |
| 606 | 0 | @a有机化学@Ayou ji hua xue@x化学实验@x高等学校@j教材 |
| 606 | 0 | @a有机化学@Ayou ji hua xue |
| 606 | 0 | @a化学实验@Ahua xue shi yan |
| 690 | @aO62-33@v4 | |
| 701 | 0 | @a王兴涌@Awang xing yong@4编著 |
| 701 | 0 | @a尹文萱@Ayin wen xuan@4编著 |
| 701 | 0 | @a高宏峰@Agao hong feng@4编著 |
| 801 | 0 | @aCN@bSRXX@c20050427 |
| 801 | 2 | @aCN@bSRXX@c20051110 |
| 905 | @a10447@dO62-33@eW390 | |
| 有机化学实验/王兴涌,尹文萱,高宏峰编著.-北京:科学出版社,2004 |
| 248页:图;24cm |
| ISBN 7-03-013554-7:CNY22.00 |
| 全书共分4部分,第1部分为有机化学实验的一般知识;第2部分为有机化学实验的基本操作;第3部分为波谱技术在有机化合物鉴定上的应用,重点介绍了红外光谱、核磁共振谱;第4部分为有机化学反应与制备,重点介绍了一些有代表性的重要有机化学反应。 |
| ● |
| 相关链接 |
|
|
|
正题名:有机化学实验
索取号:O62-33/W390
 
预约/预借
| 序号 | 登录号 | 条形码 | 馆藏地/架位号 | 状态 | 备注 |
| 1 | 543042 | 205430425 | 自科库401/401自科库 63排1列2层/ [索取号:O62-33/W390] | 在馆 | |
| 2 | 543043 | 205430434 | 自科库401/401自科库 63排1列2层/ [索取号:O62-33/W390] | 在馆 | |
| 3 | 543044 | 205430443 | 自科库401/401自科库 63排1列2层/ [索取号:O62-33/W390] | 在馆 |